000 02182nam a22004937a 4500
003 CHAP
005 20220329143518.0
008 100316s20100 mx a r 00010 spa d
010 _a97770
011 _a98742
020 _a9786077699064
035 _a109427
040 _cCHAP
082 1 4 _a632.657
_bP69
245 0 0 _aPlagas del suelo
_c/editores Luis Angel Rodríguez del Bosque y Miguel Angel Morón
260 _aMéxico, D.F. :
_bINIFAP :
_bCP :
_bUACH :
_bMundi-Prensa
_c2010
300 _a417 p. :
_bilus.
590 _aBATCH-UPD
_b10
_c20130110
_lUCH01
_h1142
590 _aBATCH-UPD
_b10
_c20130410
_lUCH01
_h0728
590 _aBATCH-UPD
_b10
_c20130914
_lUCH01
_h0028
590 _aCONVERSION
_b10
_c20130109
_lUCH01
_h1354
650 1 4 _aAgricultura
_xPlagas.
_91764
650 1 4 _aControl químico.
_927604
650 1 4 _aInsecticidas
_xAplicación.
_958857
650 1 4 _aInsectos parásitos y predatores.
_958961
650 1 4 _aManejo integrado de plagas.
_970365
650 1 4 _aSuelos
_xBiología.
_9110219
650 1 4 _aSuelos
_xFauna.
_9110365
650 1 4 _aSuelos
_xMicrobiología.
_9110434
700 0 _aMorón Ríos, Miguel Angel
_e, ed.
_978876
700 0 _aRodríguez del Bosque, Luis Ángel
_e, ed.
_998440
901 _aBK
942 _cLIBRO
949 _a632.657 P69
_bBC
_cLIBRO
_d33724002162009
_eLIBRO
_gI.c/e
_h112094
_i109427
_si
949 _a632.657 P69
_bBC
_cLIBRO
_d33724002216884
_eLIBRO
_fc.7
_gI.c/e
_h113496
_i109427
_si
949 _a632.657 P69
_bBC
_cLIBRO
_d33724002216926
_eLIBRO
_fc.10
_gI.c/e
_h113499
_i109427
_si
949 _a632.657 P69
_bBC
_cLIBRO
_d33724002216967
_eLIBRO
_fc.4
_gI.c/e
_h113493
_i109427
_sb
949 _a632.657 P69
_bBC
_cLIBRO
_d33724002217009
_eLIBRO
_fc.2
_gI.c/e
_h113491
_i109427
_sb
949 _a632.657 P69
_bBC
_cLIBRO
_d33724002217040
_eLIBRO
_fc.3
_gI.c/e
_h113492
_i109427
_sb
949 _a632.657 P69
_bBC
_cLIBRO
_d33724002217082
_eLIBRO
_fc.8
_gI.c/e
_h113497
_i109427
_si
949 _a632.657 P69
_bBC
_cLIBRO
_d33724002219090
_eLIBRO
_fc.9
_gI.c/e
_h113498
_i109427
_si
949 _a632.657 P69
_bBC
_cLIBRO
_d33724002219132
_eLIBRO
_fc.5
_gI.c/e
_h113494
_i109427
_sb
949 _a632.657 P69
_bBC
_cLIBRO
_d33724002219173
_eLIBRO
_fc.6
_gI.c/e
_h113495
_i109427
_sb
999 _c97770
_d97770